[Event "AUTO-MASTER-1942"]
[Site "http://www.queenalice.com/game.php?id=1214655"]
[Date "2013.9.5"]
[Round "1"]
[White "vitinha"]
[Black "chessman"]
[Result "0-1"]
[WhiteElo "1747"]
[BlackElo "2023"]

1. e4 e6 2. d4 d5 3. e5 c5 4. b3 cxd4 5. Qxd4 Nc6 6. Qf4 Nge7 7. Nf3 Ng6 8. Qe3
Qc7 9. Bb2 Be7 10. Bb5 O-O 11. Nbd2 a6 12. Bd3 Nb4 13. c3 Nxd3+ 14. Qxd3 Nxe5
15. Nxe5 Qxe5+ 16. Kd1 Bf6 17. Nf3 Qf4 18. g3 Qc7 19. Kc2 e5 20. Qxd5 Bf5+ 21.
Kc1 Rfd8 22. Qc4 Qxc4 23. bxc4 Be4 24. Re1 Bxf3 25. Kc2 Rd7 26. Kb3 Rad8 27. Re3
e4 28. a4 Rd1 29. a5 Rxa1 30. Bxa1 Rd2 31. Re1 Rxf2 32. h3 Rh2 33. h4 Rd2 34.
Bb2 Be5 35. Bc1 Rd1 36. Rxd1 Bxd1+ 37. Kb4 Bxg3 38. Kc5 Bc7 39. Kd4 Bxa5 40. Bd2
Be2 41. c5 Bd3 42. Kd5 Bc7 43. c4 f5 44. c6 bxc6+ 45. Kxc6 Be5 46. Kd5 Bg3 47.
h5 f4 48. c5 f3 0-1

[Event "AUTO-MASTER-1942"]
[Site "http://www.queenalice.com/game.php?id=1214656"]
[Date "2013.9.5"]
[Round "1"]
[White "chessman"]
[Black "vitinha"]
[Result "1-0"]
[WhiteElo "1858"]
[BlackElo "1835"]

1. e4 e5 2. Nf3 Nc6 3. Bc4 Qf6 4. Nc3 h6 5. Nd5 Qd6 6. a3 Nf6 7. Ba2 Nxe4 8. O-O
Nf6 9. Nc3 a6 10. Re1 Ng4 11. h3 Nf6 12. Nxe5 Nxe5 13. d4 Nd5 14. Nxd5 f6 15.
Qh5+ g6 16. Qxg6+ Kd8 17. dxe5 fxe5 18. Qh5 Rg8 19. Qh4+ Ke8 20. Nf6+ Kd8 21.
Nxg8+ Be7 22. Nxe7 Qxe7 23. Qxh6 d6 24. Bg5 Qxg5 25. Qxg5+ Kd7 26. Rad1 Kc6 27.
Bd5+ Kb6 28. Qe3+ c5 29. b4 Bd7 30. bxc5+ dxc5 31. Rb1+ Bb5 32. a4 Rd8 33. axb5
axb5 34. Qxe5 b4 35. Bc4 Ra8 36. Qd6+ Ka5 37. Ra1# 1-0

[Event "AUTO-MASTER-1942"]
[Site "http://www.queenalice.com/game.php?id=1214657"]
[Date "2013.9.5"]
[Round "1"]
[White "vitinha"]
[Black "Equeiroz"]
[Result "0-1"]
[WhiteElo "1742"]
[BlackElo "1802"]

1. e4 e5 2. Nf3 d6 3. d4 Nc6 4. d5 Nce7 5. Nc3 Ng6 6. Bb5+ Bd7 7. Qd3 Be7 8. a4
Nf6 9. Bg5 O-O 10. Ne2 c6 11. dxc6 bxc6 12. Bc4 c5 13. Ng3 Ng4 14. Bxe7 Nxe7 15.
h3 Nf6 16. Qxd6 Qa5+ 17. c3 Nc6 18. Nxe5 Nxe5 19. Qxe5 Rae8 20. Qf4 Be6 21. Bb5
Rd8 22. e5 Nd5 23. Qf3 Nc7 24. Bc6 Qa6 25. Ne2 Rd3 0-1

[Event "AUTO-MASTER-1942"]
[Site "http://www.queenalice.com/game.php?id=1214658"]
[Date "2013.9.5"]
[Round "1"]
[White "Equeiroz"]
[Black "vitinha"]
[Result "1-0"]
[WhiteElo "1816"]
[BlackElo "1728"]

1. e4 e5 2. Nf3 Nc6 3. Bb5 a6 4. Ba4 b5 5. Bb3 Nf6 6. d3 h6 7. O-O Bc5 8. Bd2 d6
9. h3 Nd4 10. Nxd4 Bxd4 11. c3 Bc5 12. c4 b4 13. a3 Bd4 14. Ra2 c5 15. axb4 Nd7
16. Ba4 O-O 17. bxc5 Bxc5 18. Bc6 Rb8 19. Nc3 Nb6 20. Nd5 Nxd5 21. Bxd5 Qf6 22.
b3 Qg6 23. Qf3 Rxb3 24. Rfa1 Bd4 25. Rd1 1-0

[Event "AUTO-OPEN-3073"]
[Site "http://www.queenalice.com/game.php?id=1214697"]
[Date "2013.9.6"]
[Round "1"]
[White "rpalmero"]
[Black "vitinha"]
[Result "1-0"]
[WhiteElo "1952"]
[BlackElo "1803"]

1. c4 e5 2. Nc3 Nf6 3. e3 Nc6 4. a3 d6 5. Qc2 b6 6. b4 Bd7 7. Bb2 a5 8. b5 Ne7
9. Nf3 h6 10. d4 exd4 11. Nxd4 d5 12. cxd5 Nfxd5 13. Bc4 Nxc3 14. Bxc3 Ng6 15.
O-O Qg5 16. Qe4+ Be7 17. Qxa8+ Bd8 18. Qe4+ Ne7 19. Nf3 Qg6 20. Qxg6 Nxg6 21.
Bxg7 Rh7 22. Bd4 f5 23. Ne5 Nxe5 24. Bxe5 Be7 25. Bxc7 Bc5 26. Rfd1 h5 27. Bd6
Rh6 28. Bxc5 bxc5 29. Rd5 h4 30. Rxc5 Rg6 31. Re5+ Kd8 32. Rd1 h3 33. g3 Kc7 34.
Re7 Rd6 35. Rxd6 Kxd6 36. Rf7 a4 37. f4 Bc8 38. Kf2 Bd7 39. Ke2 Bc8 40. Kd3 Bd7
41. Kd4 Be8 42. Rxf5 Kd7 43. Kc5 Bg6 44. Rf6 Bc2 45. b6 Be4 46. Rf7+ Kc8 47.
Be6+ Kb8 48. Bxh3 Bg6 49. Rg7 Be4 50. Re7 Bf3 51. e4 Bh5 52. g4 Bg6 53. f5 Be8
54. Rxe8+ Kb7 55. e5 Ka6 56. Bg2 Ka5 57. Ra8# 1-0

[Event "AUTO-OPEN-3073"]
[Site "http://www.queenalice.com/game.php?id=1214698"]
[Date "2013.9.6"]
[Round "1"]
[White "vitinha"]
[Black "rpalmero"]
[Result "0-1"]
[WhiteElo "1796"]
[BlackElo "1966"]

1. e4 c5 2. d4 cxd4 3. Qxd4 Nc6 4. Qe3 e6 5. Nf3 Qc7 6. Nc3 a6 7. Ng5 h6 8. Nf3
Nf6 9. h3 b5 10. a3 Bb7 11. Bd3 Rc8 12. b4 Nxb4 13. axb4 Qxc3+ 14. Nd2 Qxa1 15.
O-O Bxb4 16. Nb3 Qe5 17. f4 Qc7 18. f5 Qe5 19. Rf4 d5 20. fxe6 fxe6 21. exd5
Qxe3+ 22. Bxe3 Bd6 23. Rf3 Bxd5 24. Rf2 Ke7 25. g4 Ne4 26. Rf1 Rhf8 27. Ra1 Ra8
28. h4 Bg3 29. Bxe4 Bxe4 30. Bc5+ Kd7 31. Rd1+ Kc6 32. Bxf8 Rxf8 33. Nd4+ Kb6
34. Nxe6 Rf7 35. g5 h5 36. c3 Bxh4 37. Rd6+ Ka5 38. Rd2 Bg3 39. Nc5 Bb1 40. Kg2
h4 41. Re2 Kb6 42. Nb3 Bf5 43. Nd4 Bd7 44. Nb3 Bc6+ 45. Kg1 a5 46. Nd4 b4 47.
Re6 Bf2+ 48. Kh2 Bxd4 49. cxd4 Rd7 50. Rg6 Kb5 51. Kh3 b3 52. Re6 Rxd4 53. Re7
g6 54. Re3 a4 55. Re5+ Kb4 56. Re6 Be4 57. Rb6+ Kc5 58. Ra6 b2 59. Kxh4 Bd3+ 60.
Kg3 b1=Q 61. Ra5+ Bb5 62. Kf3 Qb3+ 63. Kf2 Rd2+ 64. Ke1 Qd1# 0-1

[Event "AUTO-OPEN-3073"]
[Site "http://www.queenalice.com/game.php?id=1214721"]
[Date "2013.9.6"]
[Round "1"]
[White "Canaye"]
[Black "vitinha"]
[Result "1-0"]
[WhiteElo "1901"]
[BlackElo "1869"]

1. d4 d5 2. c4 dxc4 3. e3 b5 4. Qf3 c6 5. Nc3 Bb7 6. Nxb5 Qd7 7. Nc3 Qe6 8. Nb5
Qd7 9. Nc3 Ba6 10. b3 cxb3 11. Bxa6 Nxa6 12. axb3 Nb4 13. Qe2 Nf6 14. Nf3 h6 15.
O-O a5 16. Ne5 Qe6 17. Qb2 Ng4 18. Nxg4 Qxg4 19. Qd2 e6 20. Ba3 Nd5 21. Bxf8
Rxf8 22. Ne2 g5 23. f4 gxf4 24. exf4 f5 25. Ng3 h5 26. Rxa5 Rb8 27. Ra3 h4 28.
Ne2 h3 29. g3 Kf7 30. Nc3 Nf6 31. Qe2 Rfd8 32. Qe5 Rb7 33. Na4 Rd5 34. Qe3 Rb4
35. Nc5 Ne4 36. Ra7+ Kf6 37. Nxe4+ fxe4 38. Qxe4 Rbxd4 39. Qh7 Qg6 40. Qh4+ Kf5
41. Qxh3+ Kf6 42. Qh8+ Kf5 43. Rg7 Rd8 44. Qh3+ Kf6 45. Rxg6+ Kxg6 46. Qxe6+ Kg7
47. Qxc6 Rd2 48. Rc1 Kf8 49. b4 Rb2 50. Qf6+ Ke8 51. Qxb2 Rd7 52. Qh8+ Ke7 53.
Qg7+ Kd6 54. Rd1+ Ke6 55. Qxd7+ Kf6 56. g4 Kg6 57. Rd6# 1-0

[Event "AUTO-OPEN-3073"]
[Site "http://www.queenalice.com/game.php?id=1214722"]
[Date "2013.9.6"]
[Round "1"]
[White "vitinha"]
[Black "Canaye"]
[Result "0-1"]
[WhiteElo "1820"]
[BlackElo "1884"]

1. e4 e6 2. d4 d5 3. e5 c5 4. Nf3 cxd4 5. Nxd4 Bc5 6. Bb5+ Bd7 7. Nc3 Qb6 8. Be3
Nc6 9. Nxc6 Bxe3 10. fxe3 Qxe3+ 11. Qe2 Qxe2+ 12. Nxe2 Bxc6 13. Bd3 Ne7 14.
O-O-O O-O 15. h4 b5 16. Nd4 a6 17. g4 Bb7 18. h5 Rac8 19. a3 Nc6 20. Nxc6 Rxc6
21. g5 Rc5 22. Rhe1 a5 23. Rg1 Rfc8 24. c3 b4 25. g6 fxg6 26. hxg6 h6 27. Kb1
bxc3 28. Rg2 d4 29. Rf2 Rxe5 30. Rc2 Be4 31. Bxe4 Rxe4 32. bxc3 Rg4 33. cxd4
Rb8+ 34. Ka2 Rxg6 35. Rc5 Rg2+ 36. Ka1 Rg5 37. Rc6 Kf7 38. Re1 Rg3 39. Ka2 Rg2+
40. Ka1 Rb3 41. Rf1+ Ke7 42. d5 Rxa3+ 43. Kb1 exd5 44. Re1+ Kd7 45. Rc5 Kd6 46.
Rec1 Rb3+ 47. Ka1 a4 48. Rc6+ Ke5 49. Re1+ Kd4 50. Rd1+ Rd3 51. Rb1 Ke5 52. Re1+
Kf4 53. Rc5 h5 54. Ra5 a3 55. Ra4+ d4 56. Ra7 g5 57. Rf1+ Ke3 58. Re7+ Kd2 59.
Ree1 h4 60. Ka2 h3 61. Rd1+ Ke3+ 62. Ka1 Rxd1+ 63. Rxd1 h2 64. Re1+ Re2 65. Rh1
g4 66. Rb1 a2 67. Rh1 g3 68. Rf1 g2 69. Re1 g1=Q 70. Rxg1 hxg1=R# 0-1

[Event "AUTO-OPEN-3073"]
[Site "http://www.queenalice.com/game.php?id=1214737"]
[Date "2013.9.6"]
[Round "1"]
[White "vitinha"]
[Black "hversatil"]
[Result "0-1"]
[WhiteElo "1710"]
[BlackElo "1465"]

1. e4 e5 2. Nf3 Nc6 3. c4 Bc5 4. Nc3 Nf6 5. h3 Bb4 6. Qc2 Bxc3 7. dxc3 O-O 8. b4
d6 9. a4 Be6 10. c5 dxc5 11. bxc5 Nxe4 12. Qxe4 Bd5 13. Qf5 Be6 14. Qg5 Qxg5 15.
Nxg5 h6 16. Nxe6 fxe6 17. Bb5 Na5 18. O-O Nb3 19. Rb1 Nxc5 20. Ba3 b6 21. Bc4
Rf6 22. Bxc5 bxc5 23. Rb5 g5 24. Rxc5 Rc8 25. Rxe5 Re8 26. Rd1 Kg7 27. Rd7+ Kg6
28. Bd3+ Kh5 29. Rxc7 Rd8 30. Be2+ Kg6 31. Rxa7 Rc8 32. g4 Rxc3 33. Kg2 Rc2 34.
Bd3+ Rf5 35. Bxc2 Kf6 0-1

[Event "AUTO-OPEN-3073"]
[Site "http://www.queenalice.com/game.php?id=1214738"]
[Date "2013.9.6"]
[Round "1"]
[White "hversatil"]
[Black "vitinha"]
[Result "0-1"]
[WhiteElo "1498"]
[BlackElo "1783"]

1. e4 e5 2. Nf3 d6 3. Bc4 h6 4. O-O Nf6 5. d4 Bg4 6. dxe5 Nxe4 7. exd6 Bxd6 8.
Qd5 Qe7 9. Qxb7 O-O 10. Qxa8 c6 11. Re1 Bf5 12. Be3 Bc5 13. Bxf7+ Qxf7 14. Ne5
Qf6 15. Bxc5 Nxc5 16. Qxa7 Ne4 17. f4 Nd6 18. Na3 Kh7 19. c4 Ne4 20. b4 Qd6 21.
Red1 Qxb4 22. Nc2 Qc3 23. Nd7 Nxd7 24. Qa6 Qxc2 25. Qxc6 Rf6 26. Qc7 Qf2+ 27.
Kh1 Rg6 28. Rg1 Qd4 29. Rge1 Nf2+ 30. Kg1 Nd3+ 31. Kf1 Qf2# 0-1

[Event "AUTO-MASTER-1958"]
[Site "http://www.queenalice.com/game.php?id=1222477"]
[Date "2013.10.6"]
[Round "1"]
[White "FabioSelinger"]
[Black "vitinha"]
[Result "1-0"]
[WhiteElo "2095"]
[BlackElo "1807"]

1. e4 c5 2. Nc3 a6 3. g3 h6 4. Bg2 Nf6 5. d3 d6 6. Nge2 e5 7. f4 b5 8. fxe5 dxe5
9. O-O Bb7 10. Be3 Bd6 11. Qd2 Nc6 12. Nd5 Nxd5 13. exd5 Nb4 14. c4 bxc4 15.
dxc4 a5 16. a3 Na6 17. Nc3 Nc7 18. Ne4 O-O 19. Bxh6 Ne8 20. Bxg7 Nxg7 21. Nf6+
Qxf6 22. Rxf6 Be7 23. Rb6 Bd8 24. Rxb7 a4 25. Rf1 Ra6 26. Qe3 Bf6 27. Qxc5 Bg5
28. b4 Rh6 29. Qxf8+ Kxf8 30. Rfxf7+ Ke8 31. Rxg7 Be3+ 32. Kf1 Kf8 33. d6 Rxd6
34. Bd5 Rf6+ 35. Ke2 Rf2+ 36. Kxe3 Rf7 37. Rgxf7+ Ke8 38. Rb8# 1-0

[Event "AUTO-MASTER-1958"]
[Site "http://www.queenalice.com/game.php?id=1222478"]
[Date "2013.10.6"]
[Round "1"]
[White "vitinha"]
[Black "FabioSelinger"]
[Result "0-1"]
[WhiteElo "1803"]
[BlackElo "2022"]

1. d4 Nf6 2. c4 e6 3. a3 c5 4. Nf3 b6 5. Bf4 Bb7 6. Qd3 Be7 7. g3 O-O 8. Bg2 d5
9. O-O Nbd7 10. Nc3 Rc8 11. b3 dxc4 12. bxc4 cxd4 13. Qxd4 Bxf3 14. Bxf3 Nc5 15.
Qe5 Nfd7 16. Qh5 Bf6 17. Rac1 g6 18. Qg4 h5 19. Qh3 Bg5 20. e3 Bxf4 21. exf4 Qe7
22. Ne4 Nxe4 23. Bxe4 Qxa3 24. Ra1 Qc5 25. Rxa7 Nf6 26. Bd3 b5 27. Ra5 Qd4 28.
Bxg6 fxg6 29. Qxe6+ Kg7 30. cxb5 Ng4 31. Qe2 Rfe8 32. Qf3 Rc3 33. Qb7+ Kh6 34.
Qg2 Rec8 35. h3 Nf6 36. Kh2 Rc2 37. Ra6 Ne4 38. g4 Nxf2 39. g5+ Kh7 40. Qb7+
R8c7 41. Qf3 Ng4+ 42. Kg3 R2c3 43. hxg4 Rxf3+ 44. Rxf3 Qg1+ 45. Kh3 Qxg4+ 46.
Kh2 Rc2+ 47. Kh1 Qg2# 0-1

[Event "AUTO-MASTER-1958"]
[Site "http://www.queenalice.com/game.php?id=1222489"]
[Date "2013.10.6"]
[Round "1"]
[White "VFA2013"]
[Black "vitinha"]
[Result "0-1"]
[WhiteElo "1941"]
[BlackElo "1781"]

1. d4 f5 2. c4 c6 3. Nc3 h6 4. Bd2 e6 5. Nf3 Qb6 6. Na4 Qc7 7. h3 Nf6 8. e3 d5
9. cxd5 Nxd5 10. Bc4 Bd7 11. Ne5 h5 12. Rc1 Bd6 13. Nxd7 Nxd7 14. O-O O-O-O 15.
Nc3 Nxc3 16. Bxc3 Rhe8 17. b4 h4 18. Bb2 Bxb4 19. d5 Ne5 20. Qb3 Qa5 21. Bxe5
exd5 22. Bxd5 Rxd5 23. Bxg7 Re4 24. Rfd1 Rd2 25. Bd4 f4 26. Qg8+ Kd7 27. Qf7+
Re7 28. Qf5+ Qxf5 0-1

[Event "AUTO-MASTER-1958"]
[Site "http://www.queenalice.com/game.php?id=1222490"]
[Date "2013.10.6"]
[Round "1"]
[White "vitinha"]
[Black "VFA2013"]
[Result "0-1"]
[WhiteElo "1754"]
[BlackElo "1986"]

1. e4 e5 2. c4 Nc6 3. d3 Nf6 4. Nf3 d6 5. Be2 Bg4 6. O-O Be7 7. h3 Bh5 8. Nc3
Qd7 9. Bg5 O-O-O 10. a4 h6 11. Bh4 g5 12. Bg3 Kb8 13. Qb3 Bxf3 14. Bxf3 Nd4 15.
Qd1 Nxf3+ 16. Qxf3 Rdf8 17. Qe3 Nh5 18. Nb5 c5 19. a5 a6 20. Nc3 g4 21. h4 f5
22. exf5 Qxf5 23. Nd5 Bd8 24. f4 gxf3 25. Rxf3 Qg6 26. Raf1 Qg7 27. Kh2 Rhg8 28.
Rxf8 Rxf8 29. Rxf8 Qxf8 30. b3 Nxg3 31. Qxg3 Bxa5 32. Qg6 Bd8 0-1

[Event "AUTO-MASTER-1958"]
[Site "http://www.queenalice.com/game.php?id=1222497"]
[Date "2013.10.6"]
[Round "1"]
[White "vitinha"]
[Black "Artking"]
[Result "0-1"]
[WhiteElo "1793"]
[BlackElo "1954"]

1. e4 b6 2. d4 Bb7 3. Nc3 e6 4. Nf3 Nf6 5. h3 Bb4 6. Bd2 Bxc3 7. Bxc3 Nxe4 8.
Qd3 Nxc3 9. Qxc3 d6 10. O-O-O Nd7 11. h4 h6 12. b3 a6 13. d5 Bxd5 14. Qxg7 Qf6
15. Qg4 Qa1+ 16. Kd2 Qxa2 17. Nd4 O-O-O 18. f3 Ne5 19. Qf4 c5 20. Nxe6 Bxe6 21.
Qe3 c4 22. b4 Bf5 23. Ke1 Rhe8 24. Qe2 Nd3+ 25. cxd3 cxd3 26. Rd2 Rxe2+ 27. Bxe2
Qb1+ 28. Rd1 Qxb4+ 29. Kf2 dxe2 30. Kxe2 Re8+ 31. Kf2 Qb2+ 32. Kg1 Qb4 33. Kf2
Qb2+ 34. Kg1 Re2 35. Rh2 Qc2 36. Kf1 Qxd1# 0-1

[Event "AUTO-MASTER-1958"]
[Site "http://www.queenalice.com/game.php?id=1222498"]
[Date "2013.10.6"]
[Round "1"]
[White "Artking"]
[Black "vitinha"]
[Result "1-0"]
[WhiteElo "2024"]
[BlackElo "1788"]

1. e4 c5 2. Nf3 g6 3. d4 d5 4. e5 c4 5. Be2 e6 6. O-O Qb6 7. c3 Nh6 8. Nbd2 a5
9. Ne1 Nf5 10. g4 Nh4 11. f4 Nc6 12. Ndf3 Nxf3+ 13. Nxf3 a4 14. Be3 Qxb2 15. Qe1
b5 16. a3 Bxa3 17. f5 exf5 18. gxf5 Bxf5 19. Nh4 Ne7 20. Nxf5 Nxf5 21. Bg5 h5
22. Rb1 Qc2 23. Rxb5 Qe4 24. Rb7 O-O 25. Rf4 Qe3+ 26. Kh1 Ng7 27. Rg4 hxg4 28.
Bxe3 Nf5 29. Bxg4 Ne7 30. Qh4 Rad8 31. Qf6 Kh7 32. h4 Rde8 33. e6 fxe6 34. Qg5
Rf1+ 35. Kg2 Rf5 36. Bxf5 gxf5 37. Qh6+ Kg8 38. Bg5 Bd6 39. Bf6 Kf7 40. Qg7# 1-0

[Event "AUTO-ADV-2860"]
[Site "http://www.queenalice.com/game.php?id=1228420"]
[Date "2013.10.30"]
[Round "2"]
[White "joaopnunes"]
[Black "vitinha"]
[Result "1-0"]
[WhiteElo "2167"]
[BlackElo "1785"]

1. Nf3 d5 2. d4 Nc6 3. c4 e6 4. Nc3 dxc4 5. e3 Na5 6. Ne5 Bd6 7. Nxc4 Nc6 8. Bd3
Bb4 9. O-O Nf6 10. Qe2 g6 11. Rd1 Qe7 12. a3 Bxc3 13. bxc3 O-O 14. e4 1-0

[Event "AUTO-ADV-2860"]
[Site "http://www.queenalice.com/game.php?id=1228421"]
[Date "2013.10.30"]
[Round "2"]
[White "vitinha"]
[Black "joaopnunes"]
[Result "0-1"]
[WhiteElo "1787"]
[BlackElo "2166"]

1. e4 e5 2. Bc4 Nf6 3. Qf3 Nc6 4. c3 Be7 5. Nh3 O-O 6. Qg3 d5 7. exd5 Nxd5 8. d3
Be6 9. Bh6 Bf6 10. Nd2 Kh8 11. Be3 Nxe3 12. Qxe3 Bxc4 13. Nxc4 Qd5 0-1

[Event "AUTO-ADV-2860"]
[Site "http://www.queenalice.com/game.php?id=1228422"]
[Date "2013.10.30"]
[Round "2"]
[White "callende"]
[Black "vitinha"]
[Result "1-0"]
[WhiteElo "1820"]
[BlackElo "1768"]

1. e4 c5 2. Nc3 e5 3. Nf3 Bd6 4. d3 h6 5. Nd5 Nf6 6. Nc3 Nc6 7. a3 Qe7 8. h3 a6
9. g3 g5 10. Bg2 b5 11. O-O Bb7 12. Kh2 Qe6 13. Ng1 Nd4 14. Nge2 b4 15. axb4
cxb4 16. Na4 Be7 17. Nxd4 exd4 18. b3 1-0

[Event "AUTO-ADV-2860"]
[Site "http://www.queenalice.com/game.php?id=1228423"]
[Date "2013.10.30"]
[Round "2"]
[White "vitinha"]
[Black "callende"]
[Result "0-1"]
[WhiteElo "1783"]
[BlackElo "1805"]

1. e4 c5 2. Nf3 Nc6 3. Nc3 Nf6 4. d4 cxd4 5. Nxd4 Ne5 6. Bb5 e6 7. a4 Bc5 8. Bf4
Qc7 9. O-O O-O 10. Nf3 d6 11. Ng5 a6 12. Be2 h6 13. Nf3 Ng6 14. Bg3 Nh5 15. Ne1
Nxg3 16. hxg3 d5 17. exd5 Qxg3 0-1